Spoločensky zodpovedné podnikanie v cementárenskom priemysle na príklade spoločnosti Holcim (Slovensko), a.s. bakalárska práca

Saved in:
Bibliographic Details
Main Author: Kováčová, Dominika
Corporate Author: Obchodná fakulta EU. Katedra medzinárodného obchodu
Other Authors: Škorvagová, Simona
Format: Book
Language:Slovak
Published: Bratislava 2009
Tags: Add Tag
No Tags, Be the first to tag this record!

MARC

LEADER 00000nam$a2200000$$$4500
001 0103486
005 20240318133848.8
041 0 |a slo 
044 |a SK 
245 1 0 |a Spoločensky zodpovedné podnikanie v cementárenskom priemysle na príklade spoločnosti Holcim (Slovensko), a.s.  |b bakalárska práca  |c Dominika Kováčová ; škol. Simona Škorvagová 
264 1 |a Bratislava  |c 2009 
300 |a 52 s. 
100 1 |a Kováčová, Dominika 
700 1 |a Škorvagová, Simona 
710 2 |a Obchodná fakulta EU. Katedra medzinárodného obchodu